Democratic Republic of the Congo. (Record no. 114301)
[ view plain ]
| 000 -LEADER | |
|---|---|
| fixed length control field | 00417nam a2200157 a 4500 |
| 005 - DATE AND TIME OF LATEST TRANSACTION | |
| control field | 20140414132055.0 |
| 008 - FIXED-LENGTH DATA ELEMENTS--GENERAL INFORMATION | |
| fixed length control field | 100520s19uu xx 00 eng d |
| 050 ## - LIBRARY OF CONGRESS CALL NUMBER | |
| Classification number | REF 967.51 |
| Item number | K87 2000 |
| 100 ## - MAIN ENTRY--PERSONAL NAME | |
| Personal name | Kushner, Nina |
| 245 ## - TITLE STATEMENT | |
| Title | Democratic Republic of the Congo. |
| 260 ## - PUBLICATION, DISTRIBUTION, ETC. (IMPRINT) | |
| Place of publication, distribution, etc | Milwaukee, WI : |
| Name of publisher, distributor, etc | Gareth Stevens, |
| Date of publication, distribution, etc | 2000. |
| 440 ## - SERIES STATEMENT/ADDED ENTRY--TITLE | |
| Title | Countries of the world |
| 650 ## - SUBJECT ADDED ENTRY--TOPICAL TERM | |
| Topical term or geographic name as entry element | Congo |
| Withdrawn status | Lost status | Damaged status | Home library | Current library | Shelving location | Date acquired | Source of acquisition | Total Checkouts | Full call number | Barcode | Date last seen | Price effective from | Koha item type |
|---|---|---|---|---|---|---|---|---|---|---|---|---|---|
| Munich Library | Munich Library | Reference Section | 05/20/2010 | REF 967.51 K87 2000 | M6106 | 04/14/2014 | 04/14/2014 | Books | |||||
| Munich Library | Munich Library | Reference Section | 01/20/2011 | REF 967.51 K87 2000 | M3782 | 04/14/2014 | 04/14/2014 | Books |